[Event "Olympiad Women 2024"]
[Site "Budapest HUN"]
[Date "2024.09.19"]
[Round "8.5"]
[Board "4"]
[White "Zatonskih, Anna"]
[Black "Nadirjanova, Nodira"]
[Result "1/2-1/2"]
[WhiteElo "2320"]
[BlackElo "2059"]
[PlyCount "71"]
[EventDate "2024.09.11"]
[WhiteTeam "United States of America"]
[BlackTeam "Uzbekistan"]
[BlackTeamCountry "UZB"]

1. d4 d5 2. c4 e6 3. Nc3 c5 4. cxd5 exd5 5. Nf3 Nf6 6. g3 Nc6 7. Bg2 cxd4 8. Nxd4 Bc5 9. Nxc6 bxc6 10. O-O O-O 11. Qc2 Bb6 12. Na4 Bd7 13. b3 Qe7 14. Bb2 Rfe8 15. e3 Ne4 16. Rac1 Rac8 17. Rfe1 $146 ({RR} 17. Nc3 f5 18. Na4 h5 19. Nxb6 axb6 20. f3 Nd6 21. Rfe1 Qg5 22. Bd4 Rb8 23. Rcd1 Qh6 24. Qf2 c5 25. Bb2 Bc6 26. a4 Re6 27. Rc1 Rbe8 28. a5 Rxe3 29. axb6 Rxb3 30. Rxe8+ Bxe8 31. Rxc5 Nc4 {½-½ Kazhgaleyev,M (2569)-Zhalmakhanov,R (2393) KAZ-ch Almaty 2020 (5)}) 17... Qg5 18. Qe2 c5 19. Nxb6 axb6 20. a4 h5 21. f3 Nd6 22. Qf2 Bc6 23. a5 Bb7 24. axb6 Qd8 25. b4 cxb4 26. Bd4 Nc4 27. Rb1 Qd6 28. Qa2 Rc6 29. Qa4 Na3 30. Rb2 Ra8 31. Qb3 Nc4 32. Ra2 Rxa2 33. Qxa2 Nxb6 34. Qa1 f6 35. f4 Nc4 36. Qa7 1/2-1/2

[Event "Olympiad Women 2024"]
[Site "Budapest HUN"]
[Date "2024.09.19"]
[Round "8.6"]
[Board "1"]
[White "Peng, Zhaoqin"]
[Black "Wagner, Dinara"]
[Result "1/2-1/2"]
[WhiteElo "2349"]
[BlackElo "2452"]
[PlyCount "66"]
[EventDate "2024.09.11"]
[WhiteTeam "Netherlands"]
[BlackTeam "Germany"]
[WhiteTeamCountry "NED"]
[BlackTeamCountry "GER"]

1. Nf3 Nf6 2. c4 e6 3. b3 Be7 4. Bb2 c5 5. e3 b6 6. d4 cxd4 7. exd4 d5 8. Bd3 O-O 9. O-O Bb7 10. Nbd2 Nc6 11. Qe2 Rc8 12. Rac1 Re8 13. Rfd1 Bf8 14. h3 g6 15. Qe3 Bg7 16. Ne5 ({RR} 16. Bb1 Qe7 17. Ne5 dxc4 18. Nxc6 Bxc6 19. bxc4 Qb7 20. f3 Rcd8 21. Ne4 Qb8 22. Re1 Nh5 23. Qf2 Nf4 24. Rcd1 f5 25. Nc3 Rxd4 26. Rxd4 Nxh3+ 27. gxh3 Bxd4 28. Qxd4 Qg3+ 29. Kf1 Qxf3+ 30. Qf2 Qxh3+ {1-0 Karpov,A (2651)-Gelfand,B (2720) Moscow Tal Memorial Blitz 2008 (1)}) 16... Nd7 ({RR} 16... dxc4 17. bxc4 Nxe5 18. dxe5 Nd7 19. f4 Nc5 20. Bc2 Qh4 21. Ba3 Bf8 22. Kh2 Red8 23. g3 Qe7 24. Be4 Qc7 25. Bxb7 Qxb7 26. Bxc5 Bxc5 27. Qe2 Rd4 28. Nb3 Rdd8 29. Nd2 Rd4 30. Nf3 Rdd8 31. Ng5 {1-0 Zavgorodniy,S (2401)-Karpov,V (2297) Titled Tue 2nd Jan Late 2024 (8)}) 17. Ndf3 $146 ({RR} 17. f4 Ncxe5 18. fxe5 f6 19. Nf3 fxe5 20. dxe5 Qe7 21. Re1 Rf8 22. Rcd1 Nc5 23. Ba3 dxc4 24. Bxc4 Bxf3 25. gxf3 Qh4 26. Kg2 Rf5 27. f4 Rxf4 28. Bxc5 Rxc5 29. Bxe6+ Kh8 30. Rd8+ Bf8 31. Bc4 Rf5 {1-0 Lopatskaya,E (2240)-Kulish,O (2160) RUS-ch (Women) sf 1997}) ({RR} 17. f4 Ne7 18. c5 Nxe5 19. dxe5 bxc5 20. Rxc5 Rxc5 21. Qxc5 Nc6 22. Qf2 Qa5 23. a3 Ba6 24. Bc2 Rc8 25. b4 Nxb4 26. axb4 Qa2 27. Bxg6 hxg6 28. Nf3 Qb3 29. Rd2 Rc7 30. Bd4 Qxb4 31. Rb2 Qc4 {0-1 Mozetic,D (2471)-Perunovic,M (2305) Serbia-ch Leskovac 2002 (1)}) 17... dxc4 18. Bxc4 Ncxe5 19. dxe5 Qe7 20. Bb5 Bd5 21. Nd4 Red8 22. Nc6 Bxc6 23. Bxc6 Nc5 24. Bb5 Rxd1+ 25. Rxd1 Rd8 26. Rxd8+ Qxd8 27. Qd4 Qxd4 28. Bxd4 Kf8 29. b4 Nb7 30. a4 Nd6 31. Bc6 Nf5 32. Bc3 Ne7 33. Bb7 Nd5 1/2-1/2

[Event "Olympiad Women 2024"]
[Site "Budapest HUN"]
[Date "2024.09.19"]
[Round "8.6"]
[Board "2"]
[White "Paehtz, Elisabeth"]
[Black "Van Foreest, Machteld"]
[Result "1-0"]
[WhiteElo "2455"]
[BlackElo "2224"]
[PlyCount "89"]
[EventDate "2024.09.11"]
[WhiteTeam "Germany"]
[BlackTeam "Netherlands"]
[WhiteTeamCountry "GER"]
[BlackTeamCountry "NED"]

1. Nf3 Nf6 2. g3 d5 3. Bg2 c5 4. O-O Nc6 5. d4 e6 6. c4 dxc4 7. dxc5 Qxd1 8. Rxd1 Bxc5 9. Nbd2 c3 10. bxc3 O-O 11. Nb3 Bb6 12. Ba3 Re8 13. Nfd2 e5 14. Nc4 Bc7 15. Bd6 Be6 16. Nxe5 Bxd6 17. Nxc6 Ba3 18. Ncd4 Bb2 19. Rab1 Bxb3 20. Nxb3 Bxc3 21. Bxb7 Rab8 22. Bf3 h6 $146 ({RR} 22... a5 23. Nc5 Rbc8 24. Nd3 g6 25. Rb7 Red8 26. Rdb1 Ne8 27. Ra7 Rc7 28. Rxc7 Nxc7 29. Rc1 Nb5 30. a4 Bd2 31. Rc2 Rxd3 32. exd3 Nd4 33. Rc8+ Kg7 34. Bd5 Kf6 35. Rc7 Ke5 36. Bc4 Nf3+ 37. Kg2 {1-0 Zhao,Y (2361)-Wang,X (2052) CHN-chB Jiangmen 2018 (3)}) 23. Rbc1 Be5 24. Rc6 Re7 25. Ra6 Rb6 26. Rd8+ Kh7 27. Ra4 Bc7 28. Rd3 Bd6 29. Kg2 Rc7 30. Nd2 Bb4 31. a3 Bxd2 32. Rxd2 Nd7 33. h4 Nf6 34. Ra5 Re7 35. Rd8 Ne8 36. Ra8 Nd6 37. R8xa7 Rxa7 38. Rxa7 g5 39. a4 gxh4 40. a5 Rb5 41. Rd7 Nc4 42. a6 Ra5 43. a7 Ne5 44. Be4+ Kg7 45. Rc7 1-0

[Event "Olympiad Women 2024"]
[Site "Budapest HUN"]
[Date "2024.09.19"]
[Round "8.6"]
[Board "3"]
[White "Bensdorp-De Labaca, Marlies"]
[Black "Klek, Hanna Marie"]
[Result "1/2-1/2"]
[WhiteElo "2241"]
[BlackElo "2296"]
[PlyCount "109"]
[EventDate "2024.09.11"]
[WhiteTeam "Netherlands"]
[BlackTeam "Germany"]
[WhiteTeamCountry "NED"]
[BlackTeamCountry "GER"]

1. d4 Nf6 2. c4 e6 3. Nf3 d5 4. e3 dxc4 5. Bxc4 a6 6. O-O b5 7. Be2 Nbd7 8. a4 ({RR} 8. Nbd2 Bb7 9. b3 c5 10. Bb2 Bd6 11. a4 b4 12. Nc4 Bc7 13. dxc5 Nxc5 14. Bd4 Nce4 15. Qc2 O-O 16. Rfd1 Qe7 17. Rac1 Rfc8 18. Qb2 Ng4 19. Bxg7 f6 20. Nh4 Ngxf2 21. Bh6 Nxd1 22. Rxd1 Nc3 {0-1 Antoniou,R (2027)-Cooklev,S (2014) Titled Tue 16th Jul Late 2024 (1)}) 8... b4 9. Nbd2 c5 10. Nc4 a5 $146 ({RR} 10... Qc7 11. Nfe5 cxd4 12. exd4 Nd5 13. Nxd7 Qxd7 14. Ne5 Qd6 15. Be3 Be7 16. Rc1 Bb7 17. Qb3 O-O 18. Nc4 Qd8 19. Rc2 f5 20. Ne5 f4 21. Bc1 Bd6 22. Qh3 Qe7 23. Re1 g6 24. Bd3 Kg7 25. Nc6 {0-1 Aranaz Murillo,A (1706)-Samigullina,D (2087) EU-ch U12 Girls 17th 2007 (9)}) ({RR} 10... Bb7 11. a5 Be7 12. dxc5 Nxc5 13. Bd2 Nd5 14. Nd4 O-O 15. Bf3 Bf6 16. Nb3 Nxb3 17. Qxb3 Be7 18. Rfd1 Qe8 19. Nb6 Rd8 20. Qc4 Nxb6 21. axb6 Bxf3 22. gxf3 Rc8 23. Qxa6 Rb8 24. b7 Bc5 25. Be1 {1-0 De Guzman,R (2556)-Bayati,A (2017) Western States op 2002 (2)}) ({RR} 10... Bb7 11. Nfe5 Qc7 12. Bf3 Be7 13. Nxd7 Nxd7 14. d5 exd5 15. Bxd5 Bxd5 16. Qxd5 Rd8 17. b3 O-O 18. Bb2 Bf6 19. Rac1 Nb6 20. Qf5 Bxb2 21. Nxb2 Rd5 22. Qe4 a5 23. Nc4 Rh5 24. g3 Nd5 25. Qf3 {0-1 Benen,S (2251)-Jonkman,H (2431) World op 31st 2003 (3)}) 11. dxc5 Bxc5 12. Nd6+ Bxd6 13. Qxd6 Qb6 14. Qxb6 Nxb6 15. Ne5 Ba6 16. Bxa6 Rxa6 17. f3 Nfd7 18. Nd3 Ke7 19. b3 Nd5 20. e4 Nc3 21. Be3 Rc8 22. Rf2 Rd6 23. Nb2 Nc5 24. Bxc5 Rxc5 25. Kf1 g6 26. Re1 Rd4 27. Ra1 f5 28. exf5 gxf5 29. g3 e5 30. Re1 Ke6 31. Nc4 Rdxc4 32. bxc4 Nxa4 33. f4 e4 34. g4 Nc3 35. gxf5+ Kxf5 36. Re3 a4 37. Rh3 Rxc4 38. Rh5+ Kf6 39. Rd2 e3 40. Rd6+ Ke7 41. Ra6 Rxf4+ 42. Ke1 Rf7 43. Re5+ Kf8 44. Ra8+ Kg7 45. Rxe3 Rc7 46. Rg3+ Kf6 47. Rg4 Rb7 48. Kd2 Kf5 49. h3 a3 50. Ra5+ Ke6 51. Kc2 b3+ 52. Kxc3 b2 53. Rg1 b1=Q 54. Rxb1 Rxb1 55. Rxa3 1/2-1/2

[Event "Olympiad Women 2024"]
[Site "Budapest HUN"]
[Date "2024.09.19"]
[Round "8.6"]
[Board "4"]
[White "Schulze, Lara"]
[Black "Kazarian, Anna-Maja"]
[Result "0-1"]
[WhiteElo "2283"]
[BlackElo "2180"]
[PlyCount "92"]
[EventDate "2024.09.11"]
[WhiteTeam "Germany"]
[BlackTeam "Netherlands"]
[WhiteTeamCountry "GER"]
[BlackTeamCountry "NED"]

1. e4 e6 2. d4 d5 3. e5 c5 4. c3 Nc6 5. Nf3 Bd7 6. Be2 Nge7 7. O-O Nf5 8. dxc5 a5 9. Bd3 Nh4 ({RR} 9... Bxc5 10. Nbd2 a4 11. b4 axb3 12. Nxb3 Bb6 13. Re1 O-O 14. Bg5 Qc7 15. Qd2 Ra4 16. h3 h6 17. Bf4 Nce7 18. Bh2 Nh4 19. Nfd4 Nhg6 20. Rac1 Rfa8 21. Bb1 Rc4 22. Bd3 Rca4 23. Bb1 Rc4 24. Re3 {1-0 Jones,G (2684)-Van Foreest,J (2691) Sigeman & Co 26th 2021 (7)}) 10. Bf4 $146 ({RR} 10. Nbd2 Bxc5 11. c4 Nb4 12. Be2 Bc6 13. a3 Nxf3+ 14. Nxf3 Na6 15. Nd4 Bxd4 16. Qxd4 O-O 17. c5 a4 18. Be3 Qd7 19. Qg4 Kh8 20. Rfd1 Bb5 21. Bf3 Rac8 22. Rac1 Qe8 23. Qh3 Rc7 24. Rd4 f5 {½-½ Varela La Madrid,T (1982)-Piqueras Guardiola,F (2119) 6th San Cristobal Open 2024 (6.31)}) 10... Nxf3+ 11. Qxf3 g5 12. Bg3 h5 13. h3 Bxc5 14. Nd2 Qe7 15. Qe2 O-O-O 16. b4 axb4 17. cxb4 Nxb4 18. Rfc1 Nc6 19. Rab1 Nd4 20. Qd1 Bc6 21. Nb3 Nxb3 22. Rxb3 h4 23. Bh2 Kc7 24. a4 Ra8 25. Bb5 Ra5 26. Qd2 Rha8 27. Qc3 Bxb5 28. Rxb5 Rxb5 29. axb5 b6 30. Kh1 Qd7 31. Bg1 Qxb5 32. Qd2 Rg8 33. f4 g4 34. Bxc5 bxc5 35. Qf2 Kc6 36. Qxh4 Qb2 37. Rg1 gxh3 38. g3 Ra8 39. Qxh3 Ra2 40. Qh8 Kb7 41. Qh7 Ka6 42. Qh8 Qc2 43. Qc8+ Kb5 44. Qe8+ Kc4 45. Qh8 Qe4+ 46. Rg2 Qxg2# 0-1

[Event "Olympiad Women 2024"]
[Site "Budapest HUN"]
[Date "2024.09.19"]
[Round "8.7"]
[Board "1"]
[White "Mkrtchian, Lilit"]
[Black "Munkhzul, Turmunkh"]
[Result "1-0"]
[WhiteElo "2366"]
[BlackElo "2256"]
[PlyCount "73"]
[EventDate "2024.09.11"]
[WhiteTeam "Armenia"]
[BlackTeam "Mongolia"]
[WhiteTeamCountry "ARM"]
[BlackTeamCountry "MGL"]

1. c4 Nf6 2. Nc3 e5 3. g3 d5 4. cxd5 Nxd5 5. Bg2 Nb6 6. a3 a5 7. d3 Be7 8. Be3 Nc6 9. Nf3 O-O 10. O-O Be6 11. Rc1 f5 12. Na4 Nd5 13. Bc5 Bd6 14. e4 Nb6 15. exf5 Bxf5 $146 ({RR} 15... Bd5 16. Re1 Nxa4 17. Qxa4 Qf6 18. Qg4 Rad8 19. Be3 Ne7 20. Bg5 Qxf5 21. Qxf5 Rxf5 22. Bxe7 Bxe7 23. Nxe5 Bxg2 24. Kxg2 Bd6 25. d4 c6 26. Nf3 Rb5 27. Rc2 Kf8 28. Re3 Be7 29. Kf1 Bf6 30. Re4 {½-½ Bischoff,K (2541)-Czeremin,C (2075) Wichern op 6th 2001 (1.3)}) ({RR} 15... Bd5 16. Bxb6 cxb6 17. Nc3 Bxf3 18. Qxf3 Kh8 19. Qh5 Bc5 20. Be4 Qf6 21. g4 Qf7 22. Qxf7 Rxf7 23. Bxc6 bxc6 24. Ne4 Bd4 25. Rxc6 b5 26. b3 b4 27. a4 h5 28. h3 Kg8 29. Rfc1 hxg4 30. hxg4 {1-0 Lagarde,M (2657)-Hutois,M (2277) Poitiers Futuroscope Rapid 2019 (4.1)}) ({RR} 15... Nxa4 16. Qxa4 Rxf5 17. Nh4 Rf7 18. Bxc6 bxc6 19. Qxc6 Rb8 20. b4 axb4 21. axb4 Bc8 22. Qe4 Bb7 23. Qg4 Qf6 24. Rc2 Rbf8 25. Be3 Bc8 26. Qe4 g5 27. Ng2 Bf5 28. Qc4 Qg6 29. Rd2 Be6 30. Qb5 {0-1 Hajnal,G (2073)-Vanczak,A (2230) HUN-chT3 0102 2001 (7.3)}) 16. Qb3+ Kh8 17. Nxb6 cxb6 18. Bxb6 Qd7 19. Ng5 Qe7 20. Ne4 Nd4 21. Bxd4 exd4 22. Qd5 Bxe4 23. Bxe4 Qf6 24. Rc2 Rac8 25. Rxc8 Rxc8 26. Qxa5 Rc7 27. Qa8+ Qf8 28. Bxb7 Qxa8 29. Bxa8 Rc2 30. Rb1 Kg8 31. Be4 h6 32. b4 Kf8 33. b5 Ke7 34. b6 Bb8 35. a4 Kd6 36. a5 Ra2 37. Rc1 1-0

[Event "Olympiad Women 2024"]
[Site "Budapest HUN"]
[Date "2024.09.19"]
[Round "8.7"]
[Board "2"]
[White "Munguntuul, Batkhuyag"]
[Black "Mkrtchyan, Mariam"]
[Result "1/2-1/2"]
[WhiteElo "2346"]
[BlackElo "2328"]
[PlyCount "148"]
[EventDate "2024.09.11"]
[WhiteTeam "Mongolia"]
[BlackTeam "Armenia"]
[WhiteTeamCountry "MGL"]
[BlackTeamCountry "ARM"]

1. e4 e5 2. Nf3 Nc6 3. Bb5 a6 4. Ba4 Nf6 5. Qe2 Be7 6. c3 b5 7. Bb3 d6 8. O-O O-O 9. Rd1 Na5 10. Bc2 c5 11. d4 Qc7 12. d5 Bd7 13. b3 Nb7 14. Nbd2 Ne8 15. Nf1 g6 16. Bh6 Ng7 17. Ne3 f6 18. a4 $146 ({RR} 18. Rf1 Nd8 19. Nd2 Nf7 20. Bxg7 Kxg7 21. Bd3 Rab8 22. Kh1 Qc8 23. a4 c4 24. bxc4 bxa4 25. Bc2 Bd8 26. Bxa4 Bxa4 27. Rxa4 a5 28. Nc2 Rb2 29. Na3 f5 30. Qd1 Qd7 31. Nb5 Bg5 32. Nf3 Bd8 {½-½ Boruchovsky,A (2159)-Lerner,K (2530) Kefar Sava schev 2010 (3)}) 18... Rfb8 19. Bxg7 Kxg7 20. h3 Nd8 21. Ra2 Ra7 22. Rda1 Rba8 23. Ne1 Qb8 24. Nd3 Nf7 25. Kh2 Bd8 26. Nc1 Bb6 27. Qd2 Qe8 28. Ne2 Qe7 29. Ng3 Kh8 30. Bd1 Qf8 31. Bg4 Be8 32. axb5 axb5 33. Rxa7 Rxa7 34. Rxa7 Bxa7 35. Qa2 Qe7 36. Qa6 Qc7 37. Be2 Qb8 38. Nc2 Kg8 39. f3 Kf8 40. Nf1 Qb6 41. Qxb6 Bxb6 42. Na3 Ba5 43. Bxb5 Bxc3 44. Ne3 Bb4 45. Bxe8 Kxe8 46. Nb5 h5 47. h4 Kd7 48. g4 Bd2 49. Nc4 Bh6 50. Kg2 Bf4 51. Kh3 Ke7 52. Nc3 Nd8 53. Ne2 Nb7 54. Kg2 Kf7 55. Kf2 Kg7 56. gxh5 gxh5 57. Nxf4 exf4 58. Ke2 f5 59. e5 dxe5 60. Nxe5 Na5 61. Kd3 Nxb3 62. Kc4 Kf6 63. Nd3 Nd2+ 64. Kxc5 Nxf3 65. d6 Ke6 66. Nxf4+ Kd7 67. Ng6 Ke6 68. Nf4+ Kd7 69. Kd5 Nxh4 70. Nxh5 Ng6 71. Nf6+ Kd8 72. Kd4 Nf8 73. Ke5 Nd7+ 74. Kxf5 Nxf6 1/2-1/2

[Event "Olympiad Women 2024"]
[Site "Budapest HUN"]
[Date "2024.09.19"]
[Round "8.7"]
[Board "3"]
[White "Danielian, Elina"]
[Black "Nomin-Erdene, Davaademberel"]
[Result "1-0"]
[WhiteElo "2393"]
[BlackElo "2319"]
[PlyCount "122"]
[EventDate "2024.09.11"]
[WhiteTeam "Armenia"]
[BlackTeam "Mongolia"]
[WhiteTeamCountry "ARM"]
[BlackTeamCountry "MGL"]

1. Nf3 d5 2. d4 Nf6 3. c4 e6 4. Nc3 Nbd7 5. Qc2 dxc4 6. e4 c5 7. Bxc4 cxd4 8. Nxd4 Bc5 9. Nf3 Qc7 10. Nb5 ({RR} 10. O-O O-O 11. Qe2 Ne5 12. Nxe5 Qxe5 13. Kh1 Rd8 14. f4 Qh5 15. Qxh5 Nxh5 16. e5 g6 17. Ne4 Be7 18. Be3 Bd7 19. Rad1 Bc6 20. Nd6 Ng7 21. Kg1 Nf5 22. Nxf5 gxf5 23. Rxd8+ Rxd8 24. Kf2 Bd5 {1-0 Indjic,A (2595)-Heberla,B (2546) Titled Tue 16th Jan Late 2024 (8)}) 10... Qb8 11. O-O a6 12. Nbd4 Bxd4 $146 ({RR} 12... O-O 13. Bxe6 Bxd4 14. Bxd7 Bxd7 15. Nxd4 Qe5 16. Be3 Rac8 17. Qd3 Qxe4 18. Qxe4 Nxe4 19. Rac1 {½-½ Lalic,B (2585)-Parker,J (2495) Drury Lane London 1997 (2)}) 13. Nxd4 Qe5 14. Nf3 Qxe4 15. Bd3 Qg4 16. b3 O-O 17. Rd1 b6 18. h3 Qh5 19. Be2 Qc5 20. Qb2 Nd5 21. Bd2 Bb7 22. Rac1 Qe7 23. Rc4 Rac8 24. Rg4 f5 25. Rd4 Qf6 26. Bg5 Qg6 27. Qd2 h6 28. Be7 Rfe8 29. Ba3 N7f6 30. Ne5 Qg5 31. Qxg5 hxg5 32. Bf3 b5 33. Bc1 f4 34. g3 Rc3 35. gxf4 gxf4 36. Bxf4 Rxf3 37. Nxf3 Nxf4 38. Rxf4 Nh5 39. Rd7 Nxf4 40. Rxb7 Nxh3+ 41. Kg2 Nf4+ 42. Kg3 Ne2+ 43. Kg2 Nc3 44. a3 Ra8 45. Ng5 e5 46. Ne6 a5 47. Rxg7+ Kh8 48. Rc7 Nb1 49. a4 b4 50. Rd7 Nc3 51. Kf3 Ra6 52. Nc5 Rc6 53. Ne4 Kg8 54. Ke3 Kf8 55. f3 Kg8 56. Ra7 Nxe4 57. Kxe4 Rc3 58. Rxa5 Rxb3 59. Rb5 Kf7 60. Kxe5 Rxf3 61. Kd6 b3 1-0

[Event "Olympiad Women 2024"]
[Site "Budapest HUN"]
[Date "2024.09.19"]
[Round "8.7"]
[Board "4"]
[White "Khuslen, Erdenebayar"]
[Black "Sargsyan, Anna M."]
[Result "0-1"]
[WhiteElo "2229"]
[BlackElo "2364"]
[PlyCount "52"]
[EventDate "2024.09.11"]
[WhiteTeam "Mongolia"]
[BlackTeam "Armenia"]
[WhiteTeamCountry "MGL"]
[BlackTeamCountry "ARM"]

1. d4 Nf6 2. c4 e6 3. Nc3 Bb4 4. e3 O-O 5. Bd3 Re8 6. Nge2 d5 7. O-O Bf8 ({RR} 7... Nbd7 8. a3 Bf8 9. b4 a5 10. b5 dxc4 11. Bxc4 c5 12. bxc6 bxc6 13. e4 c5 14. e5 Ng4 15. Bf4 cxd4 16. Qxd4 Bc5 17. Qe4 Rb8 18. Bb5 Bb7 19. Qa4 Nb6 20. Qc2 Rf8 21. Bd3 Nd5 22. Rad1 {½-½ Aleksandrov,A (2574)-Dubov,D (2703) Moscow Aeroflot op-A 18th 2019 (9)}) 8. Nf4 Nc6 $146 ({RR} 8... dxc4 9. Bxc4 Nbd7 10. e4 c5 11. e5 cxd4 12. exf6 dxc3 13. fxg7 Bxg7 14. Qg4 Nf6 15. Qg3 Ne4 16. Qg4 e5 17. Qh5 Nd6 18. Bd3 exf4 19. Bxh7+ Kf8 20. Bxf4 Qf6 21. Bg5 Qe5 22. bxc3 f6 23. f4 {0-1 Lobanov,S (2506)-Deac,B (2680) Titled Tue 4th Jun Early 2024 (8)}) ({RR} 8... b6 9. cxd5 exd5 10. Qb3 Bb7 11. Bd2 Na6 12. Rfe1 c6 13. a3 Nc7 14. Rad1 Rb8 15. Qc2 c5 16. dxc5 bxc5 17. Na4 c4 18. Ba5 Bd6 19. Bf1 Qd7 20. g3 Bc6 21. Nc3 Bxf4 22. exf4 Rxe1 23. Rxe1 {0-1 Baenziger,F (2392)-Narayanan,S (2624) Biel HTO 54th 2021 (8)}) 9. a3 dxc4 10. Bxc4 e5 11. dxe5 Nxe5 12. Ba2 c6 13. Qc2 Bd6 14. h3 g5 15. Nfe2 g4 16. hxg4 Nfxg4 17. g3 Nf3+ 18. Kg2 Qf6 19. Ne4 Qh6 20. Ng1 Nxg1 21. Rxg1 Bf5 22. Bxf7+ Kf8 23. Bxe8 Rxe8 24. Kf1 Bxe4 25. Qc3 Qh2 26. Qd2 Bd3+ 0-1

[Event "Olympiad Women 2024"]
[Site "Budapest HUN"]
[Date "2024.09.19"]
[Round "8.8"]
[Board "1"]
[White "Unuk, Laura"]
[Black "Zhu, Jiner"]
[Result "0-1"]
[WhiteElo "2316"]
[BlackElo "2487"]
[PlyCount "64"]
[EventDate "2024.09.11"]
[WhiteTeam "Slovenia"]
[BlackTeam "China"]
[WhiteTeamCountry "SLO"]
[BlackTeamCountry "CHN"]

1. Nf3 Nf6 2. g3 b6 3. Bg2 Bb7 4. O-O e6 5. c4 c5 6. b3 Be7 7. Bb2 O-O 8. e3 d6 9. Qe2 Nbd7 10. Ne1 ({RR} 10. Rd1 Rc8 11. d4 cxd4 12. Nxd4 Bxg2 13. Kxg2 Qc7 14. Nc3 a6 15. Rac1 Qb7+ 16. Qf3 Qxf3+ 17. Kxf3 Rc7 18. Ke2 Rfc8 19. f4 Kf8 20. f5 Nc5 21. fxe6 fxe6 22. Rf1 Kf7 23. Ba3 h6 24. Rcd1 Bf8 {½-½ Jakovenko,D (2760)-Karjakin,S (2717) Jermuk FIDE GP 2009 (6)}) ({RR} 10. Rd1 Qc7 11. d4 cxd4 12. Nxd4 a6 13. Nc3 Rfd8 14. Rac1 Rac8 15. e4 Qb8 16. Rc2 Bf8 17. Rcd2 Nc5 18. Nc2 b5 19. b4 Na4 20. Nxa4 bxa4 21. f3 Be7 22. Ne3 Bc6 23. a3 a5 24. b5 Bb7 {1-0 Serban,C (2309)-Dovbnia,N (1941) Titled Tue 30th Jan Early 2024 (1)}) 10... Bxg2 11. Nxg2 d5 12. f4 a6 $146 ({RR} 12... Qc7 13. g4 Rad8 14. g5 Ne4 15. d3 Nd6 16. cxd5 exd5 17. Nc3 Qb7 18. Qf3 d4 19. Nd5 Rfe8 20. e4 Qb8 21. Qg4 Kh8 22. Rf3 Qc8 23. Qh4 {1-0 Baramidze,D (2542)-Willim,M (2134) Nuremberg LGA Cup 7th 2010 (1)}) 13. g4 b5 14. g5 Ne8 15. d3 Nd6 16. Nd2 f5 17. e4 bxc4 18. exd5 exd5 19. Qe6+ Rf7 20. Qxd5 Nb6 21. Qe6 cxd3 22. Rf3 c4 23. bxc4 Na4 24. Bd4 Ne4 25. Nb3 Nac5 26. Qe5 d2 27. Rd1 Nxb3 28. Rxb3 Rc8 29. Ne3 Bd6 30. Qe6 Bc5 31. Bxc5 Nxc5 32. Rxd2 Nxe6 0-1

[Event "Olympiad Women 2024"]
[Site "Budapest HUN"]
[Date "2024.09.19"]
[Round "8.8"]
[Board "2"]
[White "Guo, Qi"]
[Black "Urh, Zala"]
[Result "1-0"]
[WhiteElo "2367"]
[BlackElo "2251"]
[PlyCount "75"]
[EventDate "2024.09.11"]
[WhiteTeam "China"]
[BlackTeam "Slovenia"]
[WhiteTeamCountry "CHN"]
[BlackTeamCountry "SLO"]

1. d4 Nf6 2. c4 e6 3. Nc3 Bb4 4. e3 O-O 5. Nge2 c6 6. a3 Ba5 7. b4 Bc7 8. d5 exd5 9. cxd5 Qe7 10. Bb2 Be5 11. g3 $146 ({RR} 11. Qd3 Nxd5 12. Nxd5 cxd5 13. Bxe5 Qxe5 14. Rd1 Nc6 15. Qxd5 Qb2 16. Qd3 a5 17. b5 Nd8 18. Nd4 Ne6 19. Qb3 Qxb3 20. Nxb3 Rd8 21. Be2 d6 22. O-O b6 23. Nd4 Nxd4 24. Rxd4 Be6 25. Rfd1 Rac8 {½-½ Deuer,M (2453)-Wafa,H (2177) World Youth Open U16 2023 (5.7)}) 11... cxd5 12. Bg2 d6 13. O-O Bg4 14. h3 Be6 15. Qd3 Nbd7 16. f4 Bxc3 17. Bxc3 Nb6 18. g4 Bd7 19. Ng3 Rfe8 20. Rfe1 Ne4 21. Nh5 Nxc3 22. Qxc3 f5 23. gxf5 Bxf5 24. Qd4 Qf7 25. Ng3 Kh8 26. a4 Be4 27. Nxe4 dxe4 28. a5 Nd7 29. Bxe4 Nf6 30. Bg2 Rac8 31. Qxa7 Rc2 32. Qxb7 Qg6 33. Qf3 Ne4 34. a6 h5 35. a7 Rf2 36. Qxe4 Rxe4 37. a8=Q+ Re8 38. Qd5 1-0

[Event "Olympiad Women 2024"]
[Site "Budapest HUN"]
[Date "2024.09.19"]
[Round "8.8"]
[Board "3"]
[White "Janzelj, Lara"]
[Black "Ni, Shiqun"]
[Result "0-1"]
[WhiteElo "2193"]
[BlackElo "2348"]
[PlyCount "68"]
[EventDate "2024.09.11"]
[WhiteTeam "Slovenia"]
[BlackTeam "China"]
[WhiteTeamCountry "SLO"]
[BlackTeamCountry "CHN"]

1. Nf3 d5 2. g3 g6 3. Bg2 Bg7 4. d4 Nf6 5. c4 dxc4 6. Qa4+ Nbd7 7. Qxc4 Nb6 8. Qb3 Be6 9. Qd1 O-O 10. Nc3 Nbd5 $146 ({RR} 10... Nfd5 11. O-O Qd7 12. e4 Nxc3 13. bxc3 Bc4 14. Re1 Na4 15. Qc2 c5 16. Be3 Qb5 17. Bf1 Rac8 18. Rab1 Qa6 19. Bxc4 Qxc4 20. Qb3 Qxb3 21. Rxb3 b6 22. Reb1 cxd4 23. cxd4 Nc3 24. Ra1 Nxe4 25. a4 {½-½ Koszorus,P (2260)-Varadi,V (2395) Zalakaros op 23rd 2004 (5)}) 11. Ng5 Nxc3 12. bxc3 Bd5 13. f3 Bc4 14. Qc2 c5 15. O-O Nd5 16. Kh1 cxd4 17. cxd4 Bxd4 18. Rb1 Rc8 19. Bb2 e5 20. Bxd4 exd4 21. h4 Ne3 22. Qd2 Nxf1 23. Bxf1 b5 24. Rd1 Qc7 25. Kg2 Qe5 26. Ne4 Kg7 27. h5 gxh5 28. Qb2 Rfd8 29. e3 Bxf1+ 30. Kxf1 Rc4 31. Qh2 dxe3 32. Re1 Rxe4 33. fxe4 Qf6+ 34. Kg1 Rd2 0-1

[Event "Olympiad Women 2024"]
[Site "Budapest HUN"]
[Date "2024.09.19"]
[Round "8.8"]
[Board "4"]
[White "Lu, Miaoyi"]
[Black "Vidic, Teja"]
[Result "1-0"]
[WhiteElo "2438"]
[BlackElo "2128"]
[PlyCount "61"]
[EventDate "2024.09.11"]
[WhiteTeam "China"]
[BlackTeam "Slovenia"]
[WhiteTeamCountry "CHN"]
[BlackTeamCountry "SLO"]

1. Nf3 d5 2. e3 Nf6 3. c4 e6 4. b3 c5 5. Bb2 Nc6 6. cxd5 exd5 7. Be2 Bd6 8. O-O O-O 9. d4 cxd4 10. Nxd4 Bc7 ({RR} 10... Re8 11. Nd2 Bc7 12. Rc1 Qd6 13. N2f3 Nxd4 14. Qxd4 Bg4 15. Qc5 Qxc5 16. Rxc5 Bb6 17. Rc2 Rac8 18. Rxc8 Rxc8 19. Bd3 Ne4 20. Nd4 Nc5 21. Bf5 Bxf5 22. Nxf5 Rc7 23. Be5 Rd7 24. Bxg7 Ne6 25. Bf6 {1-0 Nakamura,H (2754)-Grischuk,A (2766) Paris GCT blitz 2019 (1)}) 11. Nd2 Qd6 $146 ({RR} 11... a6 12. N2f3 Re8 13. Qc1 Qd6 14. Nxc6 bxc6 15. Ba3 Qd7 16. Qc2 Ne4 17. Nd4 Bb7 18. Bd3 Bb6 19. Rac1 Rac8 20. b4 Qd6 21. Qb2 Qh6 22. Rfe1 Bc7 23. g3 Be5 24. Bxe4 dxe4 25. Rc4 Qg6 26. Qc2 {0-1 Weiss,C (2449)-Hulak,K (2552) AUT-chT 0708 2007 (4.3)}) ({RR} 11... Re8 12. N2f3 Bg4 13. Rc1 Rc8 14. h3 Bh5 15. Nb5 Bb8 16. Nbd4 Qd7 17. Nxc6 Rxc6 18. Rxc6 bxc6 19. Qc2 Ne4 20. Rc1 c5 21. Qd3 Qd6 22. Kf1 h6 23. Qb5 Re6 24. Ba3 a6 25. Qb7 Kh7 {½-½ Nurgali,N (2252)-Lyutsinger,I (2069) Baku Open 2024 (9.44)}) ({RR} 11... a6 12. N2f3 Ne4 13. Rc1 Bd7 14. Nxc6 bxc6 15. Ne5 Qe8 16. Nxd7 Qxd7 17. Qc2 Rfc8 18. Rfd1 Qe6 19. g3 Bd6 20. Bf3 f5 21. Qd3 a5 22. Qd4 Bf8 23. Rc2 a4 24. bxa4 Rcb8 25. Qe5 Qxe5 26. Bxe5 {1-0 Vaishali,R (2411)-Malataras,G (1931) Anogia op 8th 2019 (2)}) ({RR} 11... Nxd4 12. Bxd4 Re8 13. Rc1 Qd6 14. Nf3 Bg4 15. g3 Bh3 16. Bxf6 Bxf1 17. Bxf1 gxf6 18. Nd4 Bb6 19. Nf5 Qf8 20. Qh5 Re5 21. Bd3 Kh8 22. Qh4 Bd8 23. Rc7 Re6 24. Rd7 Qe8 25. Rxb7 Re4 26. Bxe4 {1-0 Svidler,P (2723)-Yilmaz,M (2630) Chess24 Banter Blitz Cup Qual-H 2020 (2.5)}) 12. N2f3 Ne5 13. Rc1 Bd7 14. Rc2 Rfc8 15. Qa1 Nfg4 16. Nxe5 Qxe5 17. Nf3 Qf5 18. Rd2 Re8 19. Bxg7 f6 20. h3 Kxg7 21. hxg4 Qxg4 22. Rxd5 Qe6 23. Bc4 Qe7 24. Rh5 h6 25. Qd4 b5 26. Bd3 Bb6 27. Qf4 Bxe3 28. fxe3 Qxe3+ 29. Qxe3 Rxe3 30. Bxb5 Kg6 31. Rd5 1-0